000 00503nam a2200205Ia 4500
003 OSt
005 20221005120805.0
006 a|||||r|||| 00| 0
007 ta
008 221004b |||||||| |||| 00| 0 eng d
024 _a116404
037 _cTextual
040 _aCRL
_cCRL
_beng
041 _2eng
_aeng
100 _aKhanna Usha
_9629658
245 0 _aFarid shabdavali addyan te shabadkosh
650 _aPUNJABI LITERATURE
942 _cTEXL
_2cc
999 _c1039137
_d1039137